000 00768cad a22001935a 4500
001 E147836
008 090623e20090615xxk f 000 0 eng d
035 _a(Sirsi) u147836
041 0 _aeng
100 1 _aYoung, Philip J.
245 0 0 _aUnited Kingdom
_bJJB sports, a blueprint for future rescues?
_h[electronic resource]
260 _c2009
520 _aLooks at the use of a company voluntary arrangement (CVA) in the case of JJB Sports, and discusses how CVAs may affect landlords of retail properties.
590 _aKA
651 4 _aUnited Kingdom
_y
690 _aMANAGEMENT-CORPORATE RECOVERY
856 4 0 _uhttps://www.mondaq.com/article.asp?articleid=80954&rss=17
_zView the article free of charge (requires registration) at www.mondaq.com...
942 _n0
999 _c81647
_d81647